000 00919nam a2200229 i 4500
001 171861
003 ES-MaACL
005 20230906214741.0
008 090604s1966 sp ad |||| | spa d
080 _a553.495
100 1 _aMingarro, Enrique.
_981328
245 1 0 _aDesequilibrio radiactivo :
_bI, método beta-gamma determinación de la razón eRa/U : valoración del contenido en U<3>O<8> /
_cpor E. Mingarro.
260 _aMadrid :
_bServicio de Documentación, Biblioteca y Publicaciones, Junta de Energía Nuclear,
_c1966.
300 _a124 p., 2 h. :
_bgráf., il. ;
_c30 cm.
490 1 _aJ.E.N. 167-Sig/I 5
650 4 _aSustancias radiactivas.
_9140487
710 2 _aJunta de Energía Nuclear (España).
_bServicio de Documentación, Biblioteca y Publicaciones.
_9140488
830 1 _aJ.E.N. 167-Sig/I 5
_9223222
852 _aES-MaACL
_jC-56934
852 1 _aBA
_jC-35129
999 _c171861
_d171861